| 000 | 00701nam a22002417a 4500 | ||
|---|---|---|---|
| 003 | UA-OsUOA | ||
| 001 | 29819 | ||
| 007 | ta | ||
| 008 | 20041028b un ||||| |||| 00| 0 ukr d | ||
| 100 | _aВальо М.А. | ||
| 090 |
_a011 _bВ13 |
||
| 942 | _cBK | ||
| 040 |
_aUA-OsUOA _bukr _cUA-OsUOA _dUA-OsUOA |
||
| 245 | _aВідображення в радянській бібліографії зв'язків української літератури з літературами народів СРСР | ||
| 300 | _a127 с. | ||
| 955 | _a0 | ||
| 041 | _aukr | ||
| 080 | _a011 | ||
| 260 |
_aКиїв _bНаукова думка _c1981 |
||
| 044 | _aUA | ||
| 650 | 7 | _2UDC | |
| 999 |
_c316218 _d316218 |
||